[Event "Lippstadt Turm op"]
[Site "Lippstadt"]
[Date "2009.06.11"]
[Round "1"]
[White "Teske, Henrik"]
[Black "Heine, Rolf"]
[Result "1-0"]
[WhiteElo "2523"]
[BlackElo "2009"]
[PlyCount "33"]
[EventDate "2009.06.11"]
[EventType "swiss"]
[EventRounds "7"]
[EventCountry "GER"]
[SourceTitle "CBM 130 Extra"]
[Source "ChessBase"]
[SourceDate "2009.07.02"]
[SourceVersion "2"]
[SourceVersionDate "2009.07.15"]
[SourceQuality "1"]

1. e4 c5 2. Nf3 Nc6 3. Nc3 d6 4. d4 cxd4 5. Nxd4 e5 6. Nf5 Bxf5 7. exf5 Qd7 8. g4 h5 9. f3 Be7 10. Bc4 Bh4+ 11. Kf1 Nge7 12. Qd3 Nd4 13. h3 d5 14. Bb3 0-0-0 15. Ne2 Nxe2 16. Kxe2 hxg4 17. hxg4 1-0

[Event "Muensterland Verbandsliga 0809"]
[Site "Germany"]
[Date "2008.12.13"]
[Round "4.6"]
[White "Heine, Rolf"]
[Black "Chilla, Jan Eric"]
[Result "0-1"]
[WhiteElo "2038"]
[BlackElo "1866"]
[PlyCount "66"]
[EventDate "2008.09.20"]
[EventType "team-tourn"]
[EventRounds "9"]
[EventCountry "GER"]
[SourceTitle "EXT 2010"]
[Source "ChessBase"]
[SourceDate "2010.11.25"]
[SourceVersion "1"]
[SourceVersionDate "2010.11.25"]
[SourceQuality "1"]
[WhiteTeam "Sendenhorst"]
[BlackTeam "Muenster SK II"]
[WhiteTeamCountry "GER"]
[BlackTeamCountry "GER"]

1. c4 e5 2. g3 Nc6 3. Bg2 f5 4. Nc3 Nf6 5. e3 Be7 6. Nge2 0-0 7. 0-0 d6 8. Rb1 Qe8 9. d3 g5 10. f4 gxf4 11. gxf4 Kh8 12. b4 Rg8 13. Kh1 Qh5 14. Qe1 Ng4 15. Qg3 Bh4 16. Qh3 Qh6 17. Bd2 Rg6 18. Be1 Bxe1 19. Rbxe1 Qxh3 20. Bxh3 Nxe3 21. Rf3 Nc2 22. Rb1 N6d4 23. Nxd4 Nxd4 24. Rf2 Rh6 25. Bg2 c6 26. b5 Bd7 27. bxc6 Bxc6 28. Bxc6 bxc6 29. Rb7 Rg6 30. fxe5 Rag8 31. h4 dxe5 32. Re7 Rg4 33. Rxe5 Nf3 0-1

[Event "Muensterland Verbandsliga 0809"]
[Site "Germany"]
[Date "2008.10.18"]
[Round "2.6"]
[White "Sparwel, Oliver"]
[Black "Heine, Rolf"]
[Result "1/2-1/2"]
[WhiteElo "1910"]
[BlackElo "2038"]
[PlyCount "28"]
[EventDate "2008.09.20"]
[EventType "team-tourn"]
[EventRounds "9"]
[EventCountry "GER"]
[SourceTitle "EXT 2010"]
[Source "ChessBase"]
[SourceDate "2010.11.25"]
[SourceVersion "1"]
[SourceVersionDate "2010.11.25"]
[SourceQuality "1"]
[WhiteTeam "Suedlohn"]
[BlackTeam "Sendenhorst"]
[WhiteTeamCountry "GER"]
[BlackTeamCountry "GER"]

1. Nf3 c5 2. g3 g6 3. Bg2 Bg7 4. 0-0 Nc6 5. c3 e5 6. e4 Nge7 7. a4 0-0 8. d3 d6 9. Na3 h6 10. Ne1 f5 11. f4 Be6 12. Qe2 Qd7 13. Nc4 Rae8 14. Nf3 Kh7 1/2-1/2

[Event "Muensterland Verbandsklasse-B 0708"]
[Site "Germany"]
[Date "2008.03.08"]
[Round "7.5"]
[White "Heine, Rolf"]
[Black "Schroer, Klaus"]
[Result "1-0"]
[WhiteElo "1844"]
[BlackElo "1764"]
[PlyCount "111"]
[EventDate "2007.09.15"]
[EventType "team"]
[EventRounds "9"]
[EventCountry "GER"]
[SourceTitle "EXT 2009"]
[Source "ChessBase"]
[SourceDate "2008.11.26"]
[SourceVersion "1"]
[SourceVersionDate "2008.11.26"]
[SourceQuality "1"]
[WhiteTeam "Sendenhorst"]
[BlackTeam "Borken"]
[WhiteTeamCountry "GER"]
[BlackTeamCountry "GER"]

1. c4 e6 2. Nf3 d5 3. b3 Nf6 4. Bb2 Nbd7 5. g3 c6 6. Bg2 Bd6 7. 0-0 e5 8. cxd5 cxd5 9. d3 0-0 10. Nc3 a6 11. e4 d4 12. Ne2 b5 13. Nh4 Nb6 14. h3 h5 15. Nf3 Re8 16. Qd2 Bb7 17. Nh2 Bc5 18. Kh1 Qe7 19. f4 exf4 20. gxf4 Rad8 21. Nf3 Bxe4 22. dxe4 Nxe4 23. Qd3 Nd5 24. Nfxd4 Ndf6 25. Rad1 h4 26. Nc6 Nf2+ 27. Rxf2 Qe3 28. Nxd8 Qxf2 29. Rf1 Qxe2 30. Qxe2 Rxe2 31. Bxf6 gxf6 32. a4 bxa4 33. bxa4 Ra2 34. Bc6 Ra3 35. Kg2 Ra2+ 36. Kf3 f5 37. Nb7 Ra3+ 38. Ke2 Bb4 39. Rf3 Ra2+ 40. Kd3 Rd2+ 41. Kc4 a5 42. Kb5 Rc2 43. Nxa5 Bxa5 44. Kxa5 Rxc6 45. Kb5 Rg6 46. Rb3 Kf8 47. a5 Rg3 48. Kc4 Ke7 49. a6 Rg8 50. Rb7+ Ke6 51. a7 Ra8 52. Kc5 f6 53. Kb6 Kd5 54. Re7 Kd6 55. Rh7 Kd5 56. Kb7 1-0

[Event "Unna op"]
[Site "Unna"]
[Date "2007.12.29"]
[Round "6"]
[White "Heine, Rolf"]
[Black "Bien, Stefan"]
[Result "0-1"]
[WhiteElo "2040"]
[BlackElo "2106"]
[PlyCount "92"]
[EventDate "2007.12.27"]
[EventType "swiss"]
[EventRounds "7"]
[EventCountry "GER"]
[SourceTitle "CBM 122 Extra"]
[Source "ChessBase"]
[SourceDate "2008.03.04"]
[SourceVersion "1"]
[SourceVersionDate "2008.03.04"]
[SourceQuality "1"]

1. c4 c6 2. b3 d5 3. Bb2 Bg4 4. g3 e6 5. Bg2 Nf6 6. Nf3 Nbd7 7. 0-0 Be7 8. d4 0-0 9. Nbd2 Qa5 10. a3 Rad8 11. b4 Qc7 12. cxd5 exd5 13. h3 Bxf3 14. Bxf3 Bd6 15. e4 dxe4 16. Nxe4 Nxe4 17. Bxe4 Nf6 18. Bg2 Be7 19. Qb3 Qd7 20. a4 a6 21. b5 axb5 22. axb5 cxb5 23. d5 Ne8 24. Ra5 Nd6 25. Ba3 Nc4 26. Bxe7 Nxa5 27. Qb4 Nc4 28. Bxf8 Rxf8 29. Rb1 Nd6 30. Bf1 Rd8 31. Bxb5 Qxh3 32. Bf1 Qd7 33. Qb6 f5 34. Qe3 Re8 35. Qf4 Re4 36. Qd2 Qe7 37. Bd3 Re5 38. Bf1 h5 39. Kg2 h4 40. Rb3 hxg3 41. fxg3 Re1 42. Bd3 Qe5 43. Kf2 Rh1 44. Qa5 Qd4+ 45. Ke2 Qg4+ 46. Kd2 Qd1+ 0-1

[Event "Muensterland Verbandsklasse-A 0607"]
[Site "Germany"]
[Date "2007.05.12"]
[Round "9.3"]
[White "Heine, Rolf"]
[Black "Krahn, Jan Henrik"]
[Result "1-0"]
[WhiteElo "1811"]
[BlackElo "1741"]
[PlyCount "55"]
[EventDate "2006.09.23"]
[EventType "team"]
[EventRounds "9"]
[EventCountry "GER"]
[SourceTitle "EXT 2008"]
[Source "ChessBase"]
[SourceDate "2007.11.25"]
[SourceVersion "1"]
[SourceVersionDate "2007.11.25"]
[SourceQuality "1"]
[WhiteTeam "Sendenhorst"]
[BlackTeam "Muenster SK IV"]
[WhiteTeamCountry "GER"]
[BlackTeamCountry "GER"]

1. c4 c5 2. g3 Nc6 3. Bg2 Nf6 4. Nc3 e6 5. e4 d6 6. Nge2 Be7 7. 0-0 0-0 8. d4 cxd4 9. Nxd4 Nxd4 10. Qxd4 a6 11. h3 Qc7 12. Be3 Bd7 13. Rac1 Bc6 14. Rfd1 Rfd8 15. Nd5 Bxd5 16. cxd5 Qd7 17. dxe6 Qxe6 18. Rc7 Rd7 19. Qb6 Rxc7 20. Qxc7 Re8 21. Qxb7 Qxa2 22. e5 dxe5 23. Bc6 Rd8 24. Rxd8+ Bxd8 25. Bb6 Qb1+ 26. Kg2 Qxb2 27. Bxd8 Qe2 28. Qa8 1-0

[Event "Muensterland Verbandsklasse-A 0607"]
[Site "Germany"]
[Date "2006.11.18"]
[Round "3.3"]
[White "Heine, Rolf"]
[Black "Grund, Wolfgang"]
[Result "0-1"]
[WhiteElo "1811"]
[BlackElo "1930"]
[PlyCount "61"]
[EventDate "2006.09.23"]
[EventType "team"]
[EventRounds "9"]
[EventCountry "GER"]
[SourceTitle "EXT 2008"]
[Source "ChessBase"]
[SourceDate "2007.11.25"]
[SourceVersion "1"]
[SourceVersionDate "2007.11.25"]
[SourceQuality "1"]
[WhiteTeam "Sendenhorst"]
[BlackTeam "Duelmen"]
[WhiteTeamCountry "GER"]
[BlackTeamCountry "GER"]

1. c4 e5 2. g3 Nc6 3. Bg2 Be7 4. Nc3 d6 5. Rb1 Be6 6. d3 Qd7 7. b4 Nf6 8. b5 Nd8 9. e4 0-0 10. Nge2 h6 11. 0-0 Bh3 12. f4 Bxg2 13. Kxg2 exf4 14. gxf4 Nh7 15. Ng3 Bf6 16. Nd5 a6 17. Nf5 axb5 18. Qg4 Ne6 19. Kh1 Kh8 20. Nxf6 Nxf6 21. Qh4 Nh7 22. Rg1 f6 23. Rxb5 Rxa2 24. Rxb7 Qc6 25. Rb2 Rxb2 26. Bxb2 Qe8 27. d4 Rf7 28. d5 Nc5 29. Ng3 Nxe4 30. Re1 Nf2+ 31. Kg2 0-1

[Event "Muensterland op 24th"]
[Site "Senden"]
[Date "2006.10.07"]
[Round "1"]
[White "Karpatchev, Aleksandr"]
[Black "Heine, Rolf"]
[Result "1-0"]
[WhiteElo "2515"]
[BlackElo "2036"]
[PlyCount "53"]
[EventDate "2006.10.07"]
[EventType "swiss"]
[EventRounds "9"]
[EventCountry "GER"]
[SourceTitle "CBM 114 Extra"]
[Source "ChessBase"]
[SourceDate "2006.11.03"]
[SourceVersion "1"]
[SourceVersionDate "2006.11.03"]
[SourceQuality "1"]

1. e4 c5 2. c3 d5 3. exd5 Qxd5 4. Nf3 Nf6 5. d4 Bg4 6. dxc5 Qxd1+ 7. Kxd1 Nc6 8. Be3 0-0-0+ 9. Kc1 e6 10. b4 Bxf3 11. gxf3 Be7 12. Kc2 Nd5 13. a3 Bf6 14. Ra2 Rd7 15. Be2 Rhd8 16. Kb3 Nxe3 17. fxe3 Ne5 18. a4 Nd3 19. Na3 Nf2 20. Rc1 Nd3 21. Rf1 Ne5 22. f4 Nc6 23. Nc4 Be7 24. a5 Nb8 25. a6 Nxa6 26. c6 Rc7 27. cxb7+ 1-0

[Event "Muensterland Verbandsklasse-A 0506"]
[Site "Germany"]
[Date "2006.02.11"]
[Round "6.6"]
[White "Noering, Andreas"]
[Black "Heine, Rolf"]
[Result "1-0"]
[WhiteElo "1801"]
[BlackElo "2029"]
[PlyCount "59"]
[EventDate "2005.09.03"]
[EventType "team"]
[EventRounds "9"]
[EventCountry "GER"]
[SourceTitle "EXT 2006"]
[Source "ChessBase"]
[SourceDate "2005.11.24"]
[SourceVersion "1"]
[SourceVersionDate "2005.11.24"]
[SourceQuality "1"]
[WhiteTeam "Emsdetten Rochade"]
[BlackTeam "Sendenhorst"]
[WhiteTeamCountry "GER"]
[BlackTeamCountry "GER"]

1. e4 c5 2. Nf3 Nc6 3. d4 cxd4 4. Nxd4 e5 5. Nb5 d6 6. c4 Be6 7. Be3 Be7 8. Be2 Nf6 9. Nd2 0-0 10. 0-0 Ne8 11. f3 Bg5 12. Bxg5 Qxg5 13. Nb3 Qe3+ 14. Kh1 a5 15. Qd2 Qxd2 16. Nxd2 g6 17. Rfd1 f5 18. Rac1 Rf7 19. Nb1 fxe4 20. fxe4 Kf8 21. N1c3 Ke7 22. Kg1 Rd8 23. a3 Kf8 24. Nd5 Nf6 25. Bf3 Kg7 26. Rd2 Ne8 27. Rcd1 Bxd5 28. Rxd5 Rf6 29. c5 Ne7 30. Rxe5 1-0

[Event "Muensterland Verbandsklasse-A 0405"]
[Site "Muensterland"]
[Date "2005.04.23"]
[Round "9.3"]
[White "Luecke, Thomas"]
[Black "Heine, Rolf"]
[Result "1/2-1/2"]
[WhiteElo "1843"]
[BlackElo "1825"]
[PlyCount "50"]
[EventDate "2004.09.11"]
[EventType "team"]
[EventRounds "9"]
[EventCountry "GER"]
[SourceTitle "EXT 2006"]
[Source "ChessBase"]
[SourceDate "2005.11.24"]
[SourceVersion "1"]
[SourceVersionDate "2005.11.24"]
[SourceQuality "1"]
[WhiteTeam "Emsdetten"]
[BlackTeam "Sendenhorst"]
[WhiteTeamCountry "GER"]
[BlackTeamCountry "GER"]

1. c4 c5 2. Nc3 Nc6 3. g3 g6 4. Bg2 Bg7 5. Nf3 e5 6. d3 Nge7 7. 0-0 0-0 8. Bd2 d6 9. Rb1 Rb8 10. a3 a5 11. Ne1 Be6 12. Nc2 d5 13. cxd5 Nxd5 14. Nxd5 Bxd5 15. Bxd5 Qxd5 16. Ne3 Qd7 17. Nc4 b6 18. b4 axb4 19. axb4 b5 20. Ne3 cxb4 21. Nc2 Rfc8 22. Nxb4 Nd4 23. Be3 Bf8 24. Bxd4 Qxd4 25. Qb3 Bxb4 1/2-1/2

[Event "Muensterland Verbandsklasse-A 0405"]
[Site "Muensterland"]
[Date "2004.10.02"]
[Round "2.3"]
[White "Heine, Rolf"]
[Black "Rebber, Christian"]
[Result "0-1"]
[WhiteElo "1813"]
[BlackElo "1860"]
[PlyCount "48"]
[EventDate "2004.09.11"]
[EventType "team"]
[EventRounds "9"]
[EventCountry "GER"]
[SourceTitle "EXT 2006"]
[Source "ChessBase"]
[SourceDate "2005.11.24"]
[SourceVersion "1"]
[SourceVersionDate "2005.11.24"]
[SourceQuality "1"]
[WhiteTeam "Sendenhorst"]
[BlackTeam "Ahaus Wessum"]
[WhiteTeamCountry "GER"]
[BlackTeamCountry "GER"]

1. c4 c5 2. g3 Nc6 3. Bg2 Nf6 4. Nc3 g6 5. e4 Bg7 6. Nge2 0-0 7. d3 d6 8. 0-0 Rb8 9. h3 a6 10. a4 Ne8 11. Be3 Nc7 12. d4 cxd4 13. Nxd4 Ne6 14. Nde2 Bd7 15. Rb1 a5 16. b3 Nb4 17. Qd2 Nc5 18. Kh2 f5 19. Nd4 e5 20. Ndb5 Bxb5 21. Nxb5 f4 22. gxf4 exf4 23. Bxf4 Rxf4 24. Kh1 Be5 0-1

[Event "Muensterland Verbandsklasse-A 0304"]
[Site "Germany"]
[Date "2004.03.27"]
[Round "8.4"]
[White "Heine, Rolf"]
[Black "Lysyy, Volodymyr"]
[Result "1/2-1/2"]
[WhiteElo "2023"]
[BlackElo "1755"]
[PlyCount "107"]
[EventDate "2003.09.20"]
[EventType "team"]
[EventRounds "9"]
[EventCountry "GER"]
[SourceTitle "EXT 2005"]
[Source "ChessBase"]
[SourceDate "2004.11.15"]
[SourceVersion "1"]
[SourceVersionDate "2004.11.15"]
[SourceQuality "1"]
[WhiteTeam "Sendenhorst"]
[BlackTeam "Muenster V"]
[WhiteTeamCountry "GER"]
[BlackTeamCountry "GER"]

1. c4 Nf6 2. g3 d5 3. cxd5 Nxd5 4. Bg2 c6 5. Nf3 g6 6. 0-0 Bg7 7. d4 0-0 8. Nc3 Nxc3 9. bxc3 c5 10. Ba3 Na6 11. Rb1 Qc7 12. e4 Bg4 13. Qb3 Rab8 14. e5 b5 15. Bc1 b4 16. Bf4 bxc3 17. Qxc3 e6 18. Rfc1 Rxb1 19. Rxb1 cxd4 20. Qxc7 Nxc7 21. Nxd4 Nd5 22. Bxd5 exd5 23. Kg2 Re8 24. h3 Bf5 25. Nxf5 gxf5 26. Rd1 d4 27. Rxd4 Bxe5 28. Bxe5 Rxe5 29. Ra4 a5 30. Kf3 Kg7 31. Kf4 f6 32. f3 Kg6 33. h4 h5 34. Rc4 Rb5 35. a4 Rd5 36. Ke3 Kf7 37. Rd4 Rc5 38. Kd3 Ke6 39. Rc4 Rd5+ 40. Ke3 Kf7 41. Rc7+ Kg6 42. Rb7 Re5+ 43. Kd4 Re1 44. Rb5 Rg1 45. Rxa5 Rxg3 46. Ke3 Rh3 47. Rd5 Rxh4 48. Rd4 Rh1 49. Kf4 Ra1 50. Kg3 Ra3 51. Rf4 Kg5 52. Rb4 Ra1 53. f4+ Kg6 54. Kh3 1/2-1/2

[Event "Muensterland Verbandsklasse-A 0304"]
[Site "Germany"]
[Date "2004.02.14"]
[Round "6.3"]
[White "Heine, Rolf"]
[Black "Limbach, Renate"]
[Result "1/2-1/2"]
[WhiteElo "2023"]
[BlackElo "2128"]
[PlyCount "48"]
[EventDate "2003.09.20"]
[EventType "team"]
[EventRounds "9"]
[EventCountry "GER"]
[SourceTitle "EXT 2005"]
[Source "ChessBase"]
[SourceDate "2004.11.15"]
[SourceVersion "1"]
[SourceVersionDate "2004.11.15"]
[SourceQuality "1"]
[WhiteTeam "Sendenhorst"]
[BlackTeam "Emsdetten Turm III"]
[WhiteTeamCountry "GER"]
[BlackTeamCountry "GER"]

1. c4 f5 2. g3 Nf6 3. Bg2 e5 4. Nc3 d6 5. d3 g6 6. Nf3 Bg7 7. 0-0 0-0 8. Rb1 c6 9. b4 Kh8 10. b5 c5 11. Bd2 Qc7 12. Ne1 Be6 13. Nc2 Nbd7 14. Ne3 Nb6 15. a4 e4 16. a5 Nbd7 17. dxe4 Nxe4 18. Nxe4 fxe4 19. Bxe4 Bh3 20. Ng2 Nf6 21. Bf3 Bg4 22. Bc3 Bxf3 23. exf3 Qf7 24. Ne3 Rad8 1/2-1/2

[Event "Muensterland Verbandsklasse-A 0203"]
[Site "Muensterland"]
[Date "2003.04.05"]
[Round "8.2"]
[White "Heine, Rolf"]
[Black "Muhren, Willem"]
[Result "0-1"]
[WhiteElo "2024"]
[BlackElo "2182"]
[PlyCount "78"]
[EventDate "2002.09.28"]
[EventType "team"]
[EventRounds "9"]
[EventCountry "GER"]
[SourceTitle "EXT 2004"]
[Source "ChessBase"]
[SourceDate "2003.11.25"]
[SourceVersion "1"]
[SourceVersionDate "2003.11.25"]
[SourceQuality "1"]
[WhiteTeam "Sendenhorst"]
[BlackTeam "Emsdetten Turm III"]
[WhiteTeamCountry "GER"]
[BlackTeamCountry "GER"]

1. c4 Nf6 2. g3 g6 3. Bg2 Bg7 4. Nc3 0-0 5. e4 d6 6. Nge2 e5 7. 0-0 c6 8. h3 a6 9. a4 a5 10. f4 exf4 11. gxf4 Nh5 12. d4 Na6 13. Be3 Nb4 14. Qd2 d5 15. exd5 cxd5 16. Nxd5 Nxd5 17. cxd5 b6 18. Rac1 Nf6 19. Nc3 Bb7 20. f5 Qd7 21. Bf4 Nxd5 22. Nxd5 Bxd5 23. Rc7 Qd8 24. Re1 Bxg2 25. Kxg2 Qd5+ 26. Kg3 Qxd4 27. Qxd4 Bxd4 28. Bh6 Rfe8 29. fxg6 hxg6 30. Rf1 Be5+ 31. Bf4 Bxc7 32. Bxc7 Re2 33. Bxb6 Rxb2 34. Bc7 Rb4 35. Ra1 Rc4 36. Be5 Re8 37. Bf4 Ree4 38. Bh6 Rxa4 39. Rd1 Kh7 0-1

[Event "Muenster op"]
[Site "Muenster"]
[Date "2003.??.??"]
[Round "7"]
[White "Haselhorst, Helmut"]
[Black "Heine, Rolf"]
[Result "0-1"]
[WhiteElo "2133"]
[BlackElo "2023"]
[PlyCount "102"]
[EventDate "2003.??.??"]
[EventType "swiss"]
[EventRounds "7"]
[EventCountry "GER"]
[SourceTitle "EXT 2005"]
[Source "ChessBase"]
[SourceDate "2004.11.15"]
[SourceVersion "1"]
[SourceVersionDate "2004.11.15"]
[SourceQuality "1"]

1. d4 Nf6 2. Nf3 c5 3. d5 b5 4. c4 g6 5. a4 b4 6. b3 Bg7 7. Bb2 0-0 8. Nbd2 e6 9. g3 exd5 10. cxd5 Nxd5 11. Bxg7 Kxg7 12. Ne4 Nc3 13. Nxc3 bxc3 14. Qc2 Qa5 15. Rc1 d5 16. Qxc3+ Qxc3+ 17. Rxc3 Nd7 18. Bh3 f5 19. 0-0 Ba6 20. Rd1 d4 21. Rc2 Rab8 22. Rb2 Nb6 23. Rc2 Nd7 24. Rb1 d3 25. Rd2 c4 26. exd3 c3 27. Ra2 Bxd3 28. Rc1 Rxb3 29. Ne1 Nc5 30. Bf1 Bxf1 31. Kxf1 Rd8 32. a5 Ne4 33. f3 Nd2+ 34. Ke2 Rb2 35. Rc2 Re8+ 36. Kf2 Rxa2 37. Rxa2 Rb8 38. Nd3 Rd8 39. Nb4 Rb8 40. Nd5 Nb1 41. Ke3 Rb2 42. Nxc3 Nxc3 43. Rxb2 Nd1+ 44. Kd4 Nxb2 45. Kc5 Kf6 46. a6 Ke5 47. Kc6 Nd3 48. Kb7 Nc5+ 49. Kxa7 Kd4 50. Kb6 Nxa6 51. Kxa6 Ke3 0-1

[Event "Muensterland op 20th"]
[Site "Senden"]
[Date "2002.10.12"]
[Round "1"]
[White "Savchenko, Stanislav"]
[Black "Heine, Rolf"]
[Result "1-0"]
[WhiteElo "2541"]
[BlackElo "2024"]
[PlyCount "147"]
[EventDate "2002.10.12"]
[EventType "swiss"]
[EventRounds "9"]
[EventCountry "GER"]
[SourceTitle "CBM 090 Extra"]
[Source "ChessBase"]
[SourceDate "2002.11.07"]
[SourceVersion "1"]
[SourceVersionDate "2002.11.07"]
[SourceQuality "1"]

1. d4 Nf6 2. c4 c5 3. d5 b5 4. cxb5 a6 5. bxa6 g6 6. Nc3 Bxa6 7. g3 d6 8. Bg2 Bg7 9. Nf3 Nbd7 10. Rb1 0-0 11. 0-0 Ng4 12. Qc2 Qa5 13. Bd2 Nge5 14. Nxe5 Nxe5 15. b3 Rfb8 16. a4 Qc7 17. Rfe1 Ra7 18. f4 Nd7 19. e4 Rab7 20. Kh1 c4 21. b4 Rxb4 22. Nb5 R4xb5 23. axb5 Rxb5 24. Rxb5 Bxb5 25. Rb1 Qc5 26. Bc3 Qe3 27. Bxg7 Kxg7 28. Qc1 Qxc1+ 29. Rxc1 Nc5 30. Kg1 Nd3 31. Rc3 f5 32. Kf1 Nc5 33. exf5 gxf5 34. Ke2 Kf6 35. Ke3 e5 36. dxe6 Kxe6 37. Ra3 d5 38. Kd4 Nb3+ 39. Rxb3 cxb3 40. Bxd5+ Kf6 41. Bxb3 Bd7 42. Kc5 Bc8 43. Bc4 Bb7 44. Be2 Be4 45. Kd6 Bc2 46. Kd7 Ba4+ 47. Kd8 Bc6 48. Bc4 Ba4 49. Ba6 Bc6 50. Bc8 Bb5 51. Bd7 Bc4 52. Ke8 Bd5 53. Bb5 h6 54. Ba4 Bc4 55. Bc6 Bb3 56. Kf8 Bc4 57. Bd7 Bd5 58. Be8 Bc4 59. h3 Bf1 60. h4 Bc4 61. Bd7 Bd5 62. Be8 Bc4 63. h5 Bd5 64. Bg6 Be6 65. Bh7 Bd5 66. Bg8 Bf3 67. Bf7 Be2 68. Kg8 Bf3 69. Bg6 Bc6 70. Kh7 Bb5 71. Kxh6 Bc6 72. Kh7 Bd5 73. Bxf5 Kxf5 74. Kg7 1-0